Две судьбы: Шантаж. Расплата: роман
| Yazar: | |
|---|---|
| Özet: | Исключено из фонда НТБ ТПУ |
| Dil: | Rusça |
| Baskı/Yayın Bilgisi: |
Москва, Гелеос, 2003
|
| Materyal Türü: | Kitap |
| KOHA link: | https://koha.lib.tpu.ru/cgi-bin/koha/opac-detail.pl?biblionumber=72232 |
MARC
| LEADER | 00000nam0a2200000 4500 | ||
|---|---|---|---|
| 001 | 72232 | ||
| 005 | 20231031083256.0 | ||
| 010 | |a 5818902412 | ||
| 035 | |a (RuTPU)RU\TPU\book\77015 | ||
| 090 | |a 72232 | ||
| 100 | |a 20050114d2003 m y0rusy50 ca | ||
| 101 | 0 | |a rus | |
| 102 | |a RU | ||
| 105 | |a y z 000ay | ||
| 200 | 1 | |a Две судьбы: Шантаж. Расплата |e роман |f С. Малков | |
| 210 | |a Москва |c Гелеос |d 2003 | ||
| 215 | |a 640 с. | ||
| 333 | |a Исключено из фонда НТБ ТПУ | ||
| 675 | |a Р2 |v 3 | ||
| 700 | 1 | |a Малков |b С. |g Семен | |
| 801 | 1 | |a RU |b 63413507 |c 20050114 |g PSBO | |
| 801 | 2 | |a RU |b 63413507 |c 20221117 |g PSBO | |
| 942 | |c BK | ||